The literature review : a step by step guide for students (Record no. 11408)
[ view plain ]
| 000 -LEADER | |
|---|---|
| fixed length control field | 00385nam a22001577a 4500 |
| 020 ## - INTERNATIONAL STANDARD BOOK NUMBER | |
| International Standard Book Number | 9781446201435 |
| 082 ## - DEWEY DECIMAL CLASSIFICATION NUMBER | |
| Classification number | 001.4 |
| 100 ## - MAIN ENTRY--PERSONAL NAME | |
| Personal name | Ridley, Diana |
| 245 ## - TITLE STATEMENT | |
| Title | The literature review : a step by step guide for students |
| 250 ## - EDITION STATEMENT | |
| Edition statement | 2nd ed. |
| 260 ## - PUBLICATION, DISTRIBUTION, ETC. | |
| Place of publication, distribution, etc. | New Delhi |
| Name of publisher, distributor, etc. | SAGE |
| Date of publication, distribution, etc. | 2012 |
| 300 ## - PHYSICAL DESCRIPTION | |
| Extent | 214 p. |
| 650 ## - SUBJECT ADDED ENTRY--TOPICAL TERM | |
| Topical term or geographic name entry element | Academic writing--Research |
| 700 ## - ADDED ENTRY--PERSONAL NAME | |
| Personal name | Diana Ridley |
| 942 ## - ADDED ENTRY ELEMENTS (KOHA) | |
| Koha item type | Book |
| Withdrawn status | Lost status | Damaged status | Not for loan | Collection code | Permanent Location | Current Location | Shelving location | Date acquired | Source of acquisition | Cost, normal purchase price | Total Checkouts | Full call number | Barcode | Date last seen | Date last checked out | Price effective from | Koha item type | Total Renewals |
|---|---|---|---|---|---|---|---|---|---|---|---|---|---|---|---|---|---|---|
| Computer Science | Central Library (CL) | Central Library (CL) | First Floor - Computer Science | 11/12/2012 | Eagle Information Marketing | 2727.43 | 3 | 001.4 RID | SEECS011627 | 10/26/2020 | 10/26/2020 | 01/05/2017 | Book | |||||
| Computer Science | Central Library (CL) | Central Library (CL) | First Floor - Computer Science | 11/12/2012 | Eagle Information Marketing | 2727.43 | 2 | 001.4 RID | SEECS011628 | 12/13/2023 | 10/20/2023 | 01/05/2017 | Book | 1 | ||||
| Computer Science | Central Library (CL) | Central Library (CL) | First Floor - Computer Science | 11/12/2012 | Eagle Information Marketing | 2727.43 | 3 | 001.4 RID | SEECS011629 | 06/04/2022 | 02/18/2022 | 01/05/2017 | Book | 1 | ||||
| Computer Science | Central Library (CL) | Central Library (CL) | First Floor - Computer Science | 11/12/2012 | Eagle Information Marketing | 2727.43 | 2 | 001.4 RID | SEECS011630 | 08/31/2023 | 03/22/2015 | 01/05/2017 | Book | 2 | ||||
| Computer Science | Central Library (CL) | Central Library (CL) | First Floor - Computer Science | 11/12/2012 | Eagle Information Marketing | 2727.43 | 4 | 001.4 RID | SEECS011631 | 03/02/2026 | 01/03/2026 | 01/05/2017 | Book | 3 |
